000
00445nam a2200181Ia 4500
008
100917s9999 xx 000 0 und d
082
_b
58422
100
_a
आफळे सुनिती
245
_a
केवडा
260
_b
आरती प्रकाशन
_c
1983
300
_a
164
365
_b
30
520
_a
कथा
630
_a
केवडा
650
_a
कथा
730
_a
केवडा
942
_c
BOOK
999
_c
663816
_d
663813